<?xml version="1.0" encoding="UTF-8"?>
<record
    xmlns:xsi="http://www.w3.org/2001/XMLSchema-instance"
    xsi:schemaLocation="http://www.loc.gov/MARC21/slim http://www.loc.gov/standards/marcxml/schema/MARC21slim.xsd"
    xmlns="http://www.loc.gov/MARC21/slim">

  <leader>00371nam a2200157Ia 4500</leader>
  <controlfield tag="003">OSt</controlfield>
  <controlfield tag="005">20240205112641.0</controlfield>
  <controlfield tag="008">170524s9999    xx            000 0 und d</controlfield>
  <datafield tag="020" ind1=" " ind2=" ">
    <subfield code="a">978-9325956209</subfield>
  </datafield>
  <datafield tag="040" ind1=" " ind2=" ">
    <subfield code="c">IIMT UNIVERSITY</subfield>
  </datafield>
  <datafield tag="100" ind1=" " ind2=" ">
    <subfield code="a">Arora -M N</subfield>
  </datafield>
  <datafield tag="100" ind1=" " ind2=" ">
    <subfield code="c">2012</subfield>
  </datafield>
  <datafield tag="245" ind1=" " ind2="0">
    <subfield code="a"> A TEXT BOOK OF COST MANAGEMENT ACCOUNTING</subfield>
  </datafield>
  <datafield tag="260" ind1=" " ind2=" ">
    <subfield code="a">Vikas Pub</subfield>
  </datafield>
  <datafield tag="942" ind1=" " ind2=" ">
    <subfield code="2">ddc</subfield>
    <subfield code="c">02</subfield>
  </datafield>
  <datafield tag="999" ind1=" " ind2=" ">
    <subfield code="c">2582</subfield>
    <subfield code="d">2582</subfield>
  </datafield>
  <datafield tag="952" ind1=" " ind2=" ">
    <subfield code="0">0</subfield>
    <subfield code="1">0</subfield>
    <subfield code="2">ddc</subfield>
    <subfield code="4">0</subfield>
    <subfield code="7">0</subfield>
    <subfield code="a">01</subfield>
    <subfield code="b">01</subfield>
    <subfield code="d">2017-05-29</subfield>
    <subfield code="l">2</subfield>
    <subfield code="p">01-B-20025</subfield>
    <subfield code="r">2024-02-09</subfield>
    <subfield code="s">2023-10-04</subfield>
    <subfield code="u">management</subfield>
    <subfield code="w">2017-05-29</subfield>
    <subfield code="y">02</subfield>
  </datafield>
  <datafield tag="952" ind1=" " ind2=" ">
    <subfield code="0">0</subfield>
    <subfield code="1">0</subfield>
    <subfield code="2">ddc</subfield>
    <subfield code="4">0</subfield>
    <subfield code="7">0</subfield>
    <subfield code="a">01</subfield>
    <subfield code="b">01</subfield>
    <subfield code="d">2017-05-29</subfield>
    <subfield code="l">2</subfield>
    <subfield code="p">01-B-20026</subfield>
    <subfield code="q">2026-07-31</subfield>
    <subfield code="r">2026-04-11</subfield>
    <subfield code="s">2026-04-11</subfield>
    <subfield code="u">management</subfield>
    <subfield code="w">2017-05-29</subfield>
    <subfield code="y">02</subfield>
  </datafield>
  <datafield tag="952" ind1=" " ind2=" ">
    <subfield code="0">0</subfield>
    <subfield code="1">0</subfield>
    <subfield code="2">ddc</subfield>
    <subfield code="4">0</subfield>
    <subfield code="7">0</subfield>
    <subfield code="a">01</subfield>
    <subfield code="b">01</subfield>
    <subfield code="d">2017-05-29</subfield>
    <subfield code="p">01-B-20027</subfield>
    <subfield code="r">2017-05-29</subfield>
    <subfield code="u">management</subfield>
    <subfield code="w">2017-05-29</subfield>
    <subfield code="y">02</subfield>
  </datafield>
  <datafield tag="952" ind1=" " ind2=" ">
    <subfield code="0">0</subfield>
    <subfield code="1">0</subfield>
    <subfield code="2">ddc</subfield>
    <subfield code="4">0</subfield>
    <subfield code="7">0</subfield>
    <subfield code="a">01</subfield>
    <subfield code="b">01</subfield>
    <subfield code="d">2017-05-29</subfield>
    <subfield code="l">1</subfield>
    <subfield code="p">01-B-20028</subfield>
    <subfield code="q">2026-07-31</subfield>
    <subfield code="r">2026-04-09</subfield>
    <subfield code="s">2026-04-09</subfield>
    <subfield code="u">management</subfield>
    <subfield code="w">2017-05-29</subfield>
    <subfield code="y">02</subfield>
  </datafield>
  <datafield tag="952" ind1=" " ind2=" ">
    <subfield code="0">0</subfield>
    <subfield code="1">0</subfield>
    <subfield code="2">ddc</subfield>
    <subfield code="4">0</subfield>
    <subfield code="7">0</subfield>
    <subfield code="a">01</subfield>
    <subfield code="b">01</subfield>
    <subfield code="d">2017-05-29</subfield>
    <subfield code="l">6</subfield>
    <subfield code="p">01-B-20029</subfield>
    <subfield code="q">2026-07-31</subfield>
    <subfield code="r">2026-03-20</subfield>
    <subfield code="s">2026-03-20</subfield>
    <subfield code="u">management</subfield>
    <subfield code="w">2017-05-29</subfield>
    <subfield code="y">02</subfield>
  </datafield>
  <datafield tag="952" ind1=" " ind2=" ">
    <subfield code="0">0</subfield>
    <subfield code="1">0</subfield>
    <subfield code="2">ddc</subfield>
    <subfield code="4">0</subfield>
    <subfield code="7">0</subfield>
    <subfield code="a">01</subfield>
    <subfield code="b">01</subfield>
    <subfield code="d">2017-05-29</subfield>
    <subfield code="l">1</subfield>
    <subfield code="p">01-B-20030</subfield>
    <subfield code="r">2024-10-08</subfield>
    <subfield code="s">2024-09-09</subfield>
    <subfield code="u">management</subfield>
    <subfield code="w">2017-05-29</subfield>
    <subfield code="y">02</subfield>
  </datafield>
  <datafield tag="952" ind1=" " ind2=" ">
    <subfield code="0">0</subfield>
    <subfield code="1">0</subfield>
    <subfield code="2">ddc</subfield>
    <subfield code="4">0</subfield>
    <subfield code="7">0</subfield>
    <subfield code="a">01</subfield>
    <subfield code="b">01</subfield>
    <subfield code="d">2017-05-29</subfield>
    <subfield code="l">3</subfield>
    <subfield code="p">01-B-20031</subfield>
    <subfield code="r">2025-02-03</subfield>
    <subfield code="s">2024-09-09</subfield>
    <subfield code="u">management</subfield>
    <subfield code="w">2017-05-29</subfield>
    <subfield code="y">02</subfield>
  </datafield>
  <datafield tag="952" ind1=" " ind2=" ">
    <subfield code="0">0</subfield>
    <subfield code="1">0</subfield>
    <subfield code="2">ddc</subfield>
    <subfield code="4">0</subfield>
    <subfield code="7">0</subfield>
    <subfield code="a">01</subfield>
    <subfield code="b">01</subfield>
    <subfield code="d">2017-05-29</subfield>
    <subfield code="l">3</subfield>
    <subfield code="p">01-B-20032</subfield>
    <subfield code="q">2026-07-31</subfield>
    <subfield code="r">2026-04-08</subfield>
    <subfield code="s">2026-04-08</subfield>
    <subfield code="u">management</subfield>
    <subfield code="w">2017-05-29</subfield>
    <subfield code="y">02</subfield>
  </datafield>
  <datafield tag="952" ind1=" " ind2=" ">
    <subfield code="0">0</subfield>
    <subfield code="1">0</subfield>
    <subfield code="2">ddc</subfield>
    <subfield code="4">0</subfield>
    <subfield code="7">0</subfield>
    <subfield code="a">01</subfield>
    <subfield code="b">01</subfield>
    <subfield code="d">2017-05-29</subfield>
    <subfield code="l">3</subfield>
    <subfield code="p">01-B-20033</subfield>
    <subfield code="r">2024-01-29</subfield>
    <subfield code="s">2023-09-04</subfield>
    <subfield code="u">management</subfield>
    <subfield code="w">2017-05-29</subfield>
    <subfield code="y">02</subfield>
  </datafield>
  <datafield tag="952" ind1=" " ind2=" ">
    <subfield code="0">0</subfield>
    <subfield code="1">0</subfield>
    <subfield code="2">ddc</subfield>
    <subfield code="4">0</subfield>
    <subfield code="7">0</subfield>
    <subfield code="a">01</subfield>
    <subfield code="b">01</subfield>
    <subfield code="d">2017-05-29</subfield>
    <subfield code="p">01-B-20034</subfield>
    <subfield code="r">2017-05-29</subfield>
    <subfield code="u">management</subfield>
    <subfield code="w">2017-05-29</subfield>
    <subfield code="y">02</subfield>
    <subfield code="z"> </subfield>
  </datafield>
</record>
